| 000 | 00454nam a2200181Ia 4500 | ||
|---|---|---|---|
| 003 | GCL | ||
| 008 | 140319s9999 xx 000 0 ara d | ||
| 040 |
_aGCL / _cGCL |
||
| 082 | 0 | 4 |
_a813.03 _bح ر |
| 100 | 1 | _aحسن محسب | |
| 245 | 1 | 0 |
_aرغبات ملتهبه / _cحسن محسب |
| 300 | _a125 ص | ||
| 490 |
_aكتاب اليوم _v0 |
||
| 650 | 0 | 4 | _aالادب العربى |
| 650 | 0 | 4 | _aالادب |
| 650 | 0 | 4 | _aالقصة |
| 942 |
_2ddc _cBK |
||
| 999 |
_c40575 _d40575 |
||